| 000 | 00756nam a2200229Ia 4500 | ||
|---|---|---|---|
| 003 | GCL | ||
| 008 | 140319s9999 xx 000 0 ara d | ||
| 020 | _a6166297977 | ||
| 040 |
_aGCL / _cGCL |
||
| 082 | 0 | 4 |
_a252.2 _bم ا |
| 100 | 1 | _aمحمد صديق المنشاوى | |
| 245 | 1 | 0 |
_aاخطاء المصلين / _cمحمد صديق المنشاوى |
| 700 | 1 | _aمحمود عبدالرحمن عبدالمنعم | |
| 260 |
_aالقاهرة : _bدار الفضيلة ، _c2003 |
||
| 300 |
_a192 ص ؛ _c28 سم |
||
| 650 | 0 | 4 | _aالوضوء |
| 650 | 0 | 4 | _aالاذان والاقامة |
| 650 | 0 | 4 | _aالصلاة - انواعها وشروطها |
| 650 | 0 | 4 | _aالصلاة - مكروهات |
| 650 | 0 | 4 | _aالصلاة - واجبات |
| 942 |
_2ddc _cBK |
||
| 999 |
_c8157 _d8157 |
||